000 00917cam a22002771 4500
001 8861490
003 PILC
005 20160128115105.0
008 720726t19561923nyu 000 1 eng
010 _a 55010716
020 _a0380008971
035 _a(OCoLC)365671
040 _aDLC
_cODaWU
_dOCoLC
_dNBrockU
_dDLC
050 0 0 _aPZ 3
_b.Sa274 1923
082 _aFIC
_bSa9w 1923
100 1 _aSayers, Dorothy L.
_q(Dorothy Leigh),
_d1893-1957.
_917521
245 1 0 _aWhose body? :
_ba lord peter wimsey novel
_cDorothy L. Sayers
260 _aCamelot :
_bPublishers of Bard,
_c1923.
300 _a252 p. ;
_c20 cm.
650 0 _aWimsey, Peter, Lord (Fictitious character)
_xFiction.
_917522
650 0 _aPrivate investigators
_zEngland
_xFiction.
_917523
655 7 _aDetective and mystery stories.
_2gsafd
_93472
906 _a7
_bcbc
_coclcrpl
_du
_encip
_f19
_gy-gencatlg
942 _2lcc
_cBK
999 _c10742
_d10742